Исполнители разных стран - Statistics

General Stats
  • This quiz has been taken 153 times
  • The average score is 12 of 15
Answer Stats
Исполнители Страна % Correct
Rammstein, Kraftwerk, Scorpions Германия
98%
Metallica, Aerosmith, Imagine Dragons США
98%
Oxxxymiron, Therr Maitz, The Hatters Россия
96%
BTS, PSY, 2PM Южная Корея
94%
The Clash, Spice Girls, Oasis Великобритания
89%
Nickelback, Celine Dion, Drake Канада
84%
Nouvelle Vague, Perturbator, Jean-Michel Jarre Франция
84%
a-ha, Mayhem, Shining Норвегия
75%
Kalush, GreenJolly, Surface Tension Украина
68%
AC/DC, Spiderbait, The Birthday Party Австралия
67%
Nightwish, Poets of the Fall, The Rasmus Финляндия
64%
U2, The Cranberries, My Bloody Valentine Ирландия
62%
Maximum the Hormone, P-Model, Gakt Япония
61%
Cool Kids of Death, Cypis, Behemoth Польша
60%
Krokus, Lacrimosa, Yello Швейцария
55%
No matching quizzes found
Score Distribution
Percent of People with Each Score
Percentile by Number Answered
Your Score History
You have not taken this quiz